000 00361nam a2200133Ia 4500
008 210430s9999 xx 000 0 und d
020 _a9789381269008
082 _a620.5 R1651N
100 _aRamsden, Jeremy.
_954887
245 _aNanotechnology an introduction
_cRamsden, Jeremy.
260 _aBoston.
_bElsiver.
_c2011
300 _a271p.
942 _cREF
_2ddc
999 _c565777
_d565777